Clubs de football - Mort Subite - Statistiques

Statistiques générales
  • Ce quiz a été pris 456 fois
  • Le résultat moyen est 3 sur 16
Answers on the Grid
Answers color-coded by a green-red scale on the quiz's grid according to % correct below.
FC Blauhafen
Rivière Saint-Roch FC
FC Chambly Oise
CD Eldense
SD Amorebieta
CD Numancia
US Pergolettese
AC Renate
VfB Lübeck
SV Meppen
Birkirkara FC
Inter Club d’Escaldes
Royal Excelsior Virton
Aberdeen FC
MC Oran
Queen of the South FC
Barnet FC
Feralpisalò
Racing Club de Vire
Thamesbridge FC
Redmere Athletic
Ashbury Town FC
Real Deportivo Calahonda
CF Peña del Mar
TSV Nordtal
Rot-Weiß Oberdorf
AC Riviera Fiorentina
Real Valtramonto
Virtus San Rocco
Deportivo San Mateo
AC Fortaleza Verde
Étoile de Marumbi
 
Statistiques - réponses
Réponse % Correct
Aberdeen FC
48%
FC Chambly Oise
40%
MC Oran
29%
CD Numancia
27%
CD Eldense
23%
Inter Club d’Escaldes
18%
Royal Excelsior Virton
18%
SV Meppen
13%
VfB Lübeck
13%
Barnet FC
11%
Birkirkara FC
8%
Queen of the South FC
7%
SD Amorebieta
7%
AC Renate
6%
Feralpisalò
4%
US Pergolettese
3%
Aucun quiz correspondant
Distribution des résultats
% des personnes avec chaque résultat
Percentile par nombre de réponses
Votre historique - résultats
Vous n’avez pas pris ce quiz